书目信息 |
| 题名: |
李宗吾为人之道厚心奇學
|
|
| 作者: | 李宗吾 原典 ;东野君 译著 | |
| 分册: | ||
| 出版信息: | 哈尔滨 黑龙江人民出版社 2003.04 |
|
| 页数: | 16, 422页 | |
| 开本: | 21cm | |
| 丛书名: | ||
| 单 册: | ||
| 中图分类: | C912.1 | |
| 科图分类: | ||
| 主题词: | 人间交往 | |
| 电子资源: | ||
| ISBN: | 7-207-05905-1 | |
| 000 | 00849nam0 2200241 450 | |
| 001 | 0132531922 | |
| 005 | 20051014100739.37 | |
| 010 | @a7-207-05905-1@dCNY28.00 | |
| 100 | @a20050402d2003 km y0chiy0120 ea | |
| 101 | 0 | @achi |
| 102 | @aCN@b230000 | |
| 105 | @ay z 000yy | |
| 200 | 1 | @a李宗吾为人之道厚心奇學@Ali zong wu wei ren zhi dao hou xin qi xue@f李宗吾原典@Fli zong wu yuan dian@g东野君译著@Gdong ye jun yi zhu |
| 210 | @a哈尔滨@c黑龙江人民出版社@d2003.04 | |
| 215 | @a16, 422页@d21cm | |
| 330 | @a通观李宗吾——为人之道厚心奇学,从老子的"道德经"里,撷取了忍的精髓。 | |
| 517 | 1 | @a李宗吾为人之道厚心奇学@Ali zong wu wei ren zhi dao hou xin qi xue |
| 606 | 0 | @a人间交往 |
| 690 | @aC912.1@v4 | |
| 701 | 0 | @a李宗吾@Ali zong wu@4原典 |
| 702 | 0 | @a东野君@Adong ye jun@4译著 |
| 801 | 0 | @aCN@bQSSK@c20051014 |
| 905 | @a10447@dC912.1@eL347 | |
| 李宗吾为人之道厚心奇學/李宗吾原典/东野君译著.-哈尔滨:黑龙江人民出版社,2003.04 |
| 16, 422页;21cm |
| ISBN 7-207-05905-1:CNY28.00 |
| 通观李宗吾——为人之道厚心奇学,从老子的"道德经"里,撷取了忍的精髓。 |
| ● |
| 相关链接 |
|
|
|
正题名:李宗吾为人之道厚心奇學
索取号:C912.1/L347
 
预约/预借
| 序号 | 登录号 | 条形码 | 馆藏地/架位号 | 状态 | 备注 |
| 1 | 568606 | 205686060 | 社科库509/ [索取号:C912.1/L347] | 在馆 | |
| 2 | 568607 | 205686079 | 社科库509/509社科库 57排1列5层/ [索取号:C912.1/L347] | 在馆 | |
| 3 | 568608 | 205686088 | 社科库509/509社科库 57排1列5层/ [索取号:C912.1/L347] | 在馆 |